000 00714cam a2200229 4500
008 090401t1993 xxu||||| |||| 00| 0 eng d
020 _a0903599074
035 _a(Sirsi) u5587
041 _aeng
050 _a333.33026
100 _aPerkins, David
245 _aMake no mistake: an estate agent`s guide to the Property Misdescriptions Act.
260 _aWarwick
_bNational Association of Estate Agents
_c1993
300 _a256p. : ill. ; 30cm.
350 _a25
650 _aESTATE AGENCY
650 _aPROPERTY MISDESCRIPTIONS ACT 1991
690 _aMANAGEMENT-BUSINESS MANAGEMENT-PROFESSIONAL PRACTICE
710 _aNational Association of Estate Agents
_9886
942 _n0
948 _c04/03/1997
999 _c86191
_d86191